000 00219nam a2200097Ia 4500
001 648902
005 20250826153731.0
008 250824s9999 xx 000 0 und d
245 0 _aMARTI BENİM ADIM JACK
260 _bMARTI
999 _c648902
_d648902